000 00983nam0a22002531 4500
001 rc\185403
005 20030307113601.1
010 _a5-02-011566-5
035 _a(NLR Aleph) 005443660
090 _a4784026
_c4784026
100 _a20030307d1997 u |0rusy50 ca
101 0 _arus
102 _aRU
105 _aa |||||||||
200 1 _aКультура Возрождения XVI века
_e[Сб. ст.]
_fРос. акад. наук. Науч. совет по истории мировой культуры. Комис. по культуре Возрождения
_g[Редкол.: Л.С. Чиколини (отв. ред.) и др.]
210 _aМ.
_cНаука
_d1997
215 _a301, [1] с.
_cил.
_d21
320 _aБиблиогр. в примеч. в конце ст.
702 1 _aЧиколини
_bЛ. С.
_gЛюдмила Сергеевна
_4340
801 0 _aRU
_bNLR
_gpsbo
801 1 _aRU
_bELAR
_2rusmarc
852 _aNLR
_j97-3/12356
942 _cBOOK
980 _aNB